Pituso (3ª Cartilla): 2ª parte del método de iniciación en la lectura, escritura y dibujo.
Gespeichert in:
| 1. Verfasser: | |
|---|---|
| Format: | keine Angabe |
| Sprache: | Spanisch |
| Erschienen: |
Madrid
Cabal
|
| Katalog: | MANES: Suchergebnis im Bibliothekskatalog |
| Schulbuchspezifische Eigenschaften: |
|
| Schriftenreihe: | Pituso
|
| Tags: |
Tag hinzufügen
Keine Tags, Fügen Sie den ersten Tag hinzu!
|
| Hinzugefügt zu: | 26.04.2016 |
| Geändert in: | 07.05.2025 |
MARC
| LEADER | 000000000a22000000004500 | ||
|---|---|---|---|
| 001 | 07647 | ||
| 003 | OSt | ||
| 005 | 20250507133320.0 | ||
| 008 | 160427s sp ||||| |||| 00| 0 spa d | ||
| 040 | |c centro_manes | ||
| 041 | 1 | |a spa | |
| 561 | |5 es-CICE |a España. Centro Internacional de la Cultura Escolar |k MANES | ||
| 691 | 0 | |a PRI | |
| 100 | 1 | |a Palau. Autor |9 3426 | |
| 245 | 0 | 0 | |a Pituso (3ª Cartilla): 2ª parte del método de iniciación en la lectura, escritura y dibujo. |
| 260 | 3 | |a Madrid |b Cabal | |
| 300 | |a 44 p. |c 21 x 15,5 cm | ||
| 440 | |a Pituso |9 3953 | ||
| 330 | |a 3 | ||
| 500 | |a Aprobado por el M.E.N. Precio: 3,5 pesetas. | ||
| 690 | 0 | |a EA |a EyL | |
| 942 | |2 ddc |c BK | ||
| 546 | |a España | ||
| 999 | |c 13621 |d 13621 | ||
| 999 | |c manes:13621 |d 13621 | ||